No, Jon, no, Jon, no! (Record no. 8496)

MARC details
000 -LEADER
fixed length control field 01298nam a22002537a 4500
001 - CONTROL NUMBER
control field 8496
003 - CONTROL NUMBER IDENTIFIER
control field FISKH
005 - DATE AND TIME OF LATEST TRANSACTION
control field 20251209102403.0
008 - FIXED-LENGTH DATA ELEMENTS--GENERAL INFORMATION
fixed length control field 250916b cb ||||| |||| 00| 0 eng d
040 ## - CATALOGING SOURCE
Original cataloging agency FISKH
Language of cataloging eng
Transcribing agency FISKH
Modifying agency FISKH
050 ## - LIBRARY OF CONGRESS CALL NUMBER
Classification number PZ7
082 ## - DEWEY DECIMAL CLASSIFICATION NUMBER
Classification number 813.6
100 ## - MAIN ENTRY--PERSONAL NAME
Personal name Brown, Margery
245 ## - TITLE STATEMENT
Title No, Jon, no, Jon, no!
Statement of responsibility, etc. stroy and pictures by Margery Brown
260 ## - PUBLICATION, DISTRIBUTION, ETC.
Place of publication, distribution, etc. Boston :
Name of publisher, distributor, etc. Houghton Mifflin,
Date of publication, distribution, etc. 1981.
300 ## - PHYSICAL DESCRIPTION
Extent 24 pages :
Other physical details color illustrations ;
Dimensions 24 cm
505 ## - FORMATTED CONTENTS NOTE
Formatted contents note J<br/>
520 ## - SUMMARY, ETC.
Summary, etc. The story follows a young boy named Jon who is full of energy and curiosity. Throughout the book, Jon tries different things—sometimes mischievous, sometimes simply playful—that he shouldn’t be doing. Each time, someone tells him, “No, Jon, no, Jon, no!” The repeated phrase makes the story predictable for beginning readers and helps reinforce word recognition.<br/><br/>By the end, Jon begins to understand the importance of listening and making better choices. The book uses humor, repetition, and illustrations to keep children engaged while teaching a gentle lesson about behavior and self-control.
521 8# - TARGET AUDIENCE NOTE
Target audience note 500<br/>
Source Lexile estimate<br/>
521 8# - TARGET AUDIENCE NOTE
Target audience note J<br/>
Source Raz-Plus<br/>
650 ## - SUBJECT ADDED ENTRY--TOPICAL TERM
Topical term or geographic name entry element Early Readers
Form subdivision Juvenile Fiction
General subdivision Behavior
942 ## - ADDED ENTRY ELEMENTS (KOHA)
Source of classification or shelving scheme Dewey Decimal Classification
Koha item type Books
Suppress in OPAC No
Holdings
Withdrawn status Lost status Source of classification or shelving scheme Damaged status Not for loan Collection Home library Current library Shelving location Date acquired Total Checkouts Full call number Barcode Date last seen Copy number Price effective from Koha item type
    Dewey Decimal Classification     Juvenile Fiction Footprints International School Library Network Toul Tom Poung Campus Footprints International School Library Network Toul Tom Poung Campus TTP Primary Dark Blue Bookshelves 09/16/2025   BRO 813.6 PZ7 FISBK05640 09/16/2025 1 09/16/2025 Books
    Dewey Decimal Classification     Juvenile Fiction Footprints International School Library Network Toul Tom Poung Campus Footprints International School Library Network Toul Tom Poung Campus TTP Primary Dark Blue Bookshelves 12/09/2025   BRO 813.6 PZ7 FISBK05693 12/09/2025 2 12/09/2025 Books